000 00863nam a2200265 i 4500
001 67293
003 ES-MaACL
005 20230906170032.0
007 t|
008 040517s2002 sp ||||0| spa d
020 _a84-323-1095-6
080 _a323.28(8)
080 _a32(8)
245 0 4 _aLas conmemoraciones :
_blas disputas en las fechas "in-felices" /
_cElizabeth Jelin (comp.) ... [et al.].
260 _aMadrid :
_bSiglo XXI de España,
_c[2002]
300 _aVIII, 254 p. :
_bil. ;
_c21 cm.
490 1 _aMemorias de la represión ;
_v3
504 _aBibliografía.
650 4 _aRepresión política-
_zAmérica del Sur.
_9174031
651 4 _aAmérica del Sur-
_xPolítica y gobierno.
_97718
700 1 _aJelin, Elizabeth.
_966277
830 1 _aMemorias de la represión ;
_v3
_9183174
852 4 _aES-MaACL
_jL-27546
999 _c67293
_d67293